[Event "Reykjavik Open 2026"]
[Site "Reykjavik ISL"]
[Date "2026.03.25"]
[Round "1.168"]
[White "Tomasdottir, Katrin Osk"]
[Black "Paricharak, Nakul"]
[Result "0-1"]
[WhiteElo "1449"]
[BlackElo "1797"]
[WhiteFideId "2331560"]
[BlackFideId "7500173"]
[EventDate "2026.03.25"]

1. d4 d5 2. c4 e6 3. Nc3 Nf6 4. Nf3 Be7 5. Bg5 O-O 6. e3 b6 7. Qc2 Bb7 8. cxd5
Nxd5 9. Bxe7 Qxe7 10. Bd3 h6 11. Ne5 Nb4 12. Qd2 Nxd3+ 13. Qxd3 Nd7 14. Nxd7
Qxd7 15. Rc1 c5 16. Rd1 Bxg2 17. Rg1 Bf3 18. Rd2 Qc7 19. Rg3 Bh5 20. f4 Bg6 21.
Qe2 cxd4 22. Rxd4 Rad8 23. Rc4 Qd6 24. Rd4 Qc6 25. Rxd8 Rxd8 26. Qg4 Qh1+ 27.
Rg1 Qxh2 28. Rg2 Qh5 29. Qg3 b5 30. a3 Qc5 31. Re2 a5 32. Qh4 Rd7 33. Qg3 b4 34.
axb4 axb4 35. Na2 Bh5 36. Rd2 Rxd2 37. Kxd2 Qd5+ 38. Ke1 Qxa2 39. Qh4 Bg6 40.
Qd8+ Kh7 41. Qd2 Qb1+ 42. Ke2 Qc2 43. Qxc2 Bxc2 44. Kd2 b3 45. Kc3 Kg6 46. Kd4
Kf5 47. Kc5 h5 48. Kd6 h4 49. Ke7 f6 50. Kf7 g5 51. fxg5 fxg5 52. e4+ Kxe4 53.
Kg6 h3 54. Kxg5 h2 55. Kf6 h1=Q 56. Kxe6 Qh5 57. Kd7 Qg6 58. Ke7 Ke5 59. Kd7
Qd6+ 60. Kc8 Qe7 61. Kb8 Kd6 62. Ka8 Be4+ 63. Kb8 Qb7# 0-1

[Event "Reykjavik Open 2026"]
[Site "Reykjavik ISL"]
[Date "2026.03.25"]
[Round "1.169"]
[White "Schimmer, Michael"]
[Black "Holm Kjartansson, Omar Jon"]
[Result "1-0"]
[WhiteElo "1797"]
[BlackElo "1444"]
[WhiteFideId "24606014"]
[BlackFideId "2322323"]
[EventDate "2026.03.25"]

1. e4 e5 2. Nf3 Nf6 3. d4 d5 4. exd5 e4 5. Ne5 Bd6 6. Nc3 Nbd7 7. Nc4 Nb6 8.
Nxd6+ Qxd6 9. Nb5 Qe7 10. c4 O-O 11. Bf4 Bg4 12. Qd2 Rfc8 13. h3 Bd7 14. Nxc7
Rab8 15. d6 Qf8 16. Be2 Na8 17. O-O Nxc7 18. dxc7 Ra8 19. d5 Ne8 20. d6 a5 21.
Rad1 Ra6 22. c5 Ra7 23. Bc4 Nf6 24. Bg5 h6 25. Bxf6 gxf6 26. Qf4 Qg7 27. Kh2
Raa8 28. Bd5 Ra7 29. Bxe4 Re8 30. Bf5 Bc6 31. Qg3 Qxg3+ 32. Kxg3 Raa8 33. d7
Bxd7 34. Bxd7 Rf8 35. Kf4 1-0

[Event "Reykjavik Open 2026"]
[Site "Reykjavik ISL"]
[Date "2026.03.25"]
[Round "1.170"]
[White "Erlendsson Weinert, Robin Peter"]
[Black "Winter, Kevin"]
[Result "1/2-1/2"]
[WhiteElo "1442"]
[BlackElo "1791"]
[WhiteFideId "2330954"]
[BlackFideId "421960"]
[EventDate "2026.03.25"]

1. e4 d6 2. d4 Nf6 3. Bd3 e5 4. dxe5 dxe5 5. Nf3 Nbd7 6. Nc3 c6 7. a4 Be7 8. b3
O-O 9. O-O Qc7 10. Bb2 a5 11. Ne2 Re8 12. Ng3 Bf8 13. Re1 Bb4 14. Re2 Bf8 15.
Nf1 Nc5 16. h3 Nh5 17. N1d2 Nf4 18. Re3 Ncxd3 19. cxd3 Bc5 20. d4 exd4 21. Bxd4
Bxd4 22. Nxd4 Be6 23. Qc2 Rad8 24. N2f3 h6 25. Rb1 Qb6 26. Ne2 1/2-1/2

[Event "Reykjavik Open 2026"]
[Site "Reykjavik ISL"]
[Date "2026.03.25"]
[Round "1.171"]
[White "Chilton, James I"]
[Black "Sigurdardottir, Emilia"]
[Result "1-0"]
[WhiteElo "1790"]
[BlackElo "1435"]
[WhiteFideId "423009"]
[BlackFideId "2322021"]
[EventDate "2026.03.25"]

1. c4 e5 2. g3 Nf6 3. Bg2 Bc5 4. Nc3 O-O 5. Nf3 d6 6. d3 h6 7. O-O Be6 8. Na4
Qd7 9. Nxc5 dxc5 10. Nxe5 Qc8 11. Qb3 Bh3 12. Qxb7 Bxg2 13. Qxc8 Rxc8 14. Kxg2
Re8 15. f4 Nbd7 16. Nxd7 Nxd7 17. e4 Nf6 18. Be3 Rab8 19. b3 Nd7 20. Rad1 a5 21.
Rfe1 Rbd8 22. Kf3 f6 23. Bd2 Ra8 24. Bc3 a4 25. b4 cxb4 26. Bxb4 a3 27. Bc3 Ra4
28. Rb1 Nc5 29. Re3 Kh7 30. Rb5 Nxd3 31. Rxd3 Rxc4 32. e5 fxe5 33. Rxe5 Rg8 34.
Re4 Rc6 35. Ra4 Rf8 36. Rxa3 Rd6 37. Rxd6 cxd6 38. Ra7 Kg6 39. Rxg7+ Kf5 40. g4+
Ke6 41. Rg6+ Kd5 42. Rxd6+ Kxd6 43. Bb4+ Ke6 44. Bxf8 h5 45. g5 Kf5 46. a4 h4
47. a5 h3 48. a6 Kg6 49. a7 Kf5 50. a8=Q Ke6 51. Ke4 Kf7 52. f5 Kg8 53. Bh6+ Kh7
54. Qb7+ Kg8 55. Qg7# 1-0

[Event "Reykjavik Open 2026"]
[Site "Reykjavik ISL"]
[Date "2026.03.25"]
[Round "1.172"]
[White "Niori, Nona"]
[Black "Dillenschneider, Antoine"]
[Result "0-1"]
[WhiteElo "1421"]
[BlackElo "1787"]
[WhiteFideId "7006527"]
[BlackFideId "527032787"]
[EventDate "2026.03.25"]

1. d4 Nf6 2. Nc3 g6 3. e4 d6 4. Bg5 Bg7 5. e5 Nfd7 6. f4 O-O 7. h4 f6 8. h5 fxg5
9. hxg6 hxg6 10. Bc4+ Rf7 11. e6 Nb6 12. exf7+ Kf8 13. Bb3 gxf4 14. Qd3 Bf5 15.
Qf3 Nc6 16. O-O-O Nxd4 17. Qxf4 Nxb3+ 18. axb3 Kxf7 19. Nf3 e5 20. Qg5 Bf6 21.
Qd2 e4 22. Qf4 exf3 23. Qxf3 Kg7 24. Qxb7 Rb8 25. Qf3 Qd7 26. Qg3 a5 27. Rh5 Bg4
28. Rxa5 Bxd1 29. Kxd1 Rf8 30. Kc1 Be5 31. Qd3 Qg4 32. Ra7 d5 33. Kb1 Qxg2 34.
Qb5 Qf1+ 35. Qxf1 Rxf1+ 36. Ka2 g5 37. Ra5 Bxc3 38. bxc3 Rf8 39. Kb2 g4 40. Ra1
Kg6 41. Rg1 Kg5 42. Kc1 Rf3 43. Kd2 Kf4 44. Rg2 g3 45. Rg1 Rf2+ 46. Kd3 Kf3 47.
Kd4 g2 48. c4 dxc4 49. bxc4 Rf1 50. Rxf1+ gxf1=Q 51. c5 Qc4+ 52. Ke5 Nd7+ 53.
Kf5 Qe4+ 54. Kg5 Qf4+ 55. Kg6 Qf6+ 56. Kh5 Kf4 57. c6 Qg5# 0-1

[Event "Reykjavik Open 2026"]
[Site "Reykjavik ISL"]
[Date "2026.03.26"]
[Round "2.51"]
[White "Sterck, Arno"]
[Black "Andersson, Mitchell"]
[Result "1-0"]
[WhiteTitle "FM"]
[WhiteElo "2252"]
[BlackElo "1905"]
[WhiteFideId "228249"]
[BlackFideId "1765817"]
[EventDate "2026.03.25"]

1. d4 d5 2. Bf4 Nf6 3. e3 c5 4. dxc5 Nbd7 5. b4 a5 6. c3 e5 7. Bg5 axb4 8. cxb4
b6 9. Bxf6 Nxf6 10. Bb5+ Ke7 11. c6 Qd6 12. a3 g6 13. Ne2 Bg7 14. O-O Be6 15.
Nbc3 Ne8 16. Qc1 Nc7 17. Rb1 Rhb8 18. Rd1 f5 19. a4 Kf8 20. f4 Bf7 21. fxe5 Qxe5
22. Rd3 Re8 23. g3 g5 24. Qf1 Kg8 25. Rbd1 h5 26. Nd4 Bg6 27. Nf3 Qe7 28. Nxd5
Nxd5 29. Rxd5 Qxe3+ 30. Qf2 Qe7 31. Rd7 Qxb4 32. c7 Bf6 33. Qxb6 Qc3 34. Rd8
Qxf3 35. Bxe8 Bxe8 36. Qe6+ Kg7 37. R1d7+ Bxd7 38. Rxd7+ 1-0

[Event "Reykjavik Open 2026"]
[Site "Reykjavik ISL"]
[Date "2026.03.26"]
[Round "2.52"]
[White "Johannsson, Markus Orri"]
[Black "Briem, Benedikt"]
[Result "0-1"]
[BlackTitle "CM"]
[WhiteElo "1900"]
[BlackElo "2233"]
[WhiteFideId "2318539"]
[BlackFideId "2315432"]
[EventDate "2026.03.25"]

1. e4 d6 2. d4 Nf6 3. Nc3 e5 4. d5 c6 5. Bd3 Be7 6. h3 Nbd7 7. f4 O-O 8. Nf3
cxd5 9. exd5 e4 10. Bxe4 Nxe4 11. Nxe4 Bh4+ 12. g3 Re8 13. O-O Rxe4 14. Nxh4 Nf6
15. Kh2 Qd7 16. f5 Qe7 17. Rf2 Re1 18. Qd3 Bd7 19. Ng2 Re5 20. c4 Ne4 21. Rf1
Nc5 22. Qc3 Bxf5 23. Bf4 Re2 24. Bxd6 Qe4 25. Rg1 Nd3 26. g4 Bg6 27. b3 Re8 28.
Raf1 Rxa2 29. Bg3 Qe2 30. Re1 Nxe1 31. Qxe1 Qxe1 32. Bxe1 Bc2 33. d6 Bxb3 34.
Bh4 f6 35. d7 Rd8 0-1

[Event "Reykjavik Open 2026"]
[Site "Reykjavik ISL"]
[Date "2026.03.26"]
[Round "2.53"]
[White "Marie, Maxime"]
[Black "Tinkler, Paul"]
[Result "1-0"]
[WhiteTitle "CM"]
[WhiteElo "2193"]
[BlackElo "1897"]
[WhiteFideId "625590"]
[BlackFideId "30961289"]
[EventDate "2026.03.25"]

1. c4 f5 2. d4 g6 3. h4 Nf6 4. h5 Bg7 5. h6 Bf8 6. Nc3 e6 7. Nf3 Be7 8. g3 d5 9.
Bg2 Nbd7 10. Ng5 Nf8 11. Nh3 Ne4 12. Nf4 c6 13. Qc2 Bf6 14. e3 Qe7 15. cxd5 Nxc3
16. bxc3 exd5 17. a4 Ne6 18. Ba3 Qd7 19. Nd3 b6 20. c4 Ba6 21. cxd5 cxd5 22. O-O
Rc8 23. Qb1 Bxd3 24. Qxd3 Ng5 25. a5 Ne4 26. Qa6 Bg5 27. axb6 axb6 28. Qxb6 Bxh6
29. Bc5 Nxc5 30. dxc5 Bf8 31. Rfc1 Be7 32. Ra7 Qc6 33. Qxc6+ Rxc6 34. Bxd5 Rc8
35. Be6 Bxc5 36. Ra5 1-0

[Event "Reykjavik Open 2026"]
[Site "Reykjavik ISL"]
[Date "2026.03.26"]
[Round "2.54"]
[White "Zhang, Jiabao"]
[Black "Paricharak, Shardul"]
[Result "1-0"]
[WhiteElo "2184"]
[BlackElo "1895"]
[WhiteFideId "8606560"]
[BlackFideId "7500432"]
[EventDate "2026.03.25"]

1. e4 e5 2. Nf3 Nc6 3. Bc4 Bc5 4. c3 Nf6 5. d3 O-O 6. O-O a6 7. Bb3 d6 8. h3 Be6
9. Bc2 d5 10. Qe2 d4 11. c4 h6 12. Ba4 Nd7 13. Bxc6 bxc6 14. Nbd2 a5 15. Re1 Bb4
16. a3 Bd6 17. Nf1 f5 18. exf5 Bxf5 19. Ng3 Bh7 20. Nd2 Qf6 21. Nde4 Qg6 22. Qg4
Nf6 23. Qxg6 Bxg6 24. f3 Nd7 25. Bd2 Rfb8 26. b4 a4 27. Re2 c5 28. b5 Re8 29.
Rb1 Kh7 30. Be1 Rab8 31. Ba5 Nb6 32. Bxb6 Rxb6 33. Kf2 Be7 34. Ke1 Bh4 35. Kd2
Bxg3 36. Nxg3 h5 37. Rbe1 c6 38. Rxe5 Rxe5 39. Rxe5 cxb5 40. Rxc5 bxc4 41. Rxc4
Rb2+ 42. Ke1 Bxd3 43. Rxd4 Rxg2 44. Nxh5 Bc2 45. Rh4 Kg8 46. Rg4 Rxg4 47. hxg4
g5 48. Nf6+ Kg7 49. Ne4 Kg6 50. Nc5 Kf6 51. Kd2 Bg6 52. Nxa4 Ke5 53. Ke3 Be8 54.
Nc3 1-0

[Event "Reykjavik Open 2026"]
[Site "Reykjavik ISL"]
[Date "2026.03.26"]
[Round "2.55"]
[White "Leosson, Haukur Vidis"]
[Black "Wall, Tim P"]
[Result "0-1"]
[BlackTitle "FM"]
[WhiteElo "1893"]
[BlackElo "2189"]
[WhiteFideId "2325780"]
[BlackFideId "401641"]
[EventDate "2026.03.25"]

1. d4 Nf6 2. c4 e6 3. g3 d5 4. Bg2 Be7 5. Nf3 Ne4 6. O-O f5 7. Nc3 c6 8. Ne5 Nd7
9. Nxd7 Bxd7 10. f3 Nxc3 11. bxc3 dxc4 12. e4 O-O 13. f4 Qa5 14. Qc2 Be8 15.
exf5 exf5 16. Qe2 Bf6 17. Qxc4+ Bf7 18. Qd3 Bd5 19. Bxd5+ Qxd5 20. Ba3 Rfe8 21.
Bb4 Re4 22. Qd2 Rxd4 23. cxd4 Bxd4+ 24. Rf2 Bxa1 25. Qxd5+ cxd5 26. Rd2 Rd8 27.
Kf2 Kf7 28. Re2 Bf6 29. Rc2 Rd7 30. Ke3 Bd8 31. Kd3 Rc7 32. Re2 Bf6 33. h3 Rc4
34. Bd2 b5 35. g4 g6 36. Re1 b4 37. g5 Rd4+ 38. Kc2 Rxd2+ 39. Kxd2 Bc3+ 40. Ke2
Bxe1 41. Kxe1 Ke6 42. Kd2 d4 43. Ke2 Kd5 44. Kd3 a5 45. h4 a4 0-1

[Event "Reykjavik Open 2026"]
[Site "Reykjavik ISL"]
[Date "2026.03.26"]
[Round "2.56"]
[White "Li, Harry"]
[Black "Spagnoli, Benjamin"]
[Result "1-0"]
[WhiteElo "2181"]
[BlackElo "1890"]
[WhiteFideId "430145"]
[BlackFideId "20667116"]
[EventDate "2026.03.25"]

1. e4 c6 2. d4 d5 3. e5 c5 4. Nf3 cxd4 5. Qxd4 Nc6 6. Qf4 e6 7. Bd3 Be7 8. Nc3
a6 9. a3 Qc7 10. O-O f6 11. Qg3 g6 12. Re1 fxe5 13. Nxe5 Nxe5 14. Bf4 Nf6 15.
Bxe5 Qd8 16. Rad1 b5 17. Nxd5 Nxd5 18. Bxh8 Bf6 19. Bxg6+ hxg6 20. Qxg6+ Kf8 21.
Qh6+ Kg8 22. Rxd5 Qxd5 23. Bxf6 1-0

[Event "Reykjavik Open 2026"]
[Site "Reykjavik ISL"]
[Date "2026.03.26"]
[Round "2.57"]
[White "Stolyarov, Alan"]
[Black "ADU, Oladapo"]
[Result "0-1"]
[BlackTitle "IM"]
[WhiteElo "1890"]
[BlackElo "2173"]
[WhiteFideId "30906008"]
[BlackFideId "8500258"]
[EventDate "2026.03.25"]

1. c4 c6 2. d4 d5 3. cxd5 cxd5 4. Bg5 h6 5. Bd2 Nc6 6. Nf3 Qb6 7. Nc3 Nf6 8. e3
Bf5 9. Na4 Qc7 10. Rc1 Bg4 11. Be2 e6 12. Ne5 Bxe2 13. Qxe2 Bd6 14. Nxc6 bxc6
15. Qa6 Rc8 16. Ba5 Qd7 17. Nc5 Bxc5 18. Rxc5 Ne4 19. Rc2 O-O 20. Bb4 Rfe8 21.
O-O e5 22. Rfc1 exd4 23. exd4 Re6 24. Be1 c5 25. Qa3 c4 26. b3 Rce8 27. f3 Nd6
28. Bb4 Nf5 29. Qb2 Ne3 30. Re2 Nd1 31. Rxd1 Rxe2 32. Bd2 Qb5 33. Qc2 Qb6 34.
Qc3 Qg6 35. g3 Qe6 36. g4 Qf6 37. Kf1 Qh4 38. Re1 Qf2# 0-1

[Event "Reykjavik Open 2026"]
[Site "Reykjavik ISL"]
[Date "2026.03.26"]
[Round "2.58"]
[White "Bajnath, Dhanesh"]
[Black "Zhang, Xiao"]
[Result "0-1"]
[BlackTitle "WIM"]
[WhiteElo "1889"]
[BlackElo "2164"]
[WhiteFideId "40104842"]
[BlackFideId "8610894"]
[EventDate "2026.03.25"]

1. e4 c6 2. d4 d5 3. e5 c5 4. dxc5 e6 5. Be3 Nd7 6. Bb5 Ne7 7. f4 Nf5 8. Bf2
Qa5+ 9. Nc3 a6 10. Bxd7+ Bxd7 11. Ne2 Bxc5 12. O-O Qb6 13. Qd3 Bc6 14. Bxc5
Qxc5+ 15. Rf2 Rd8 16. Ng3 Ne3 17. h3 h5 18. Re1 h4 19. Nge2 d4 20. Nxd4 Nf5 21.
Nb3 Qb6 22. Qe2 Rh6 23. Kh2 Rg6 24. a4 Ng3 25. Qe3 Nf1+ 26. Rfxf1 Rxg2+ 27. Kh1
Re2+ 28. Qe4 Bxe4+ 29. Nxe4 Rxc2 30. Rf3 Rxb2 31. Nbc5 Qc6 32. Rc3 b6 33. Nd3
Qxc3 34. Nxc3 Rxd3 35. Ne4 Rxh3+ 36. Kg1 Rhh2 37. Rc1 Rhg2+ 38. Kf1 h3 0-1

[Event "Reykjavik Open 2026"]
[Site "Reykjavik ISL"]
[Date "2026.03.26"]
[Round "2.59"]
[White "Bech, Havard Eriksen"]
[Black "Knight, David"]
[Result "1-0"]
[WhiteElo "2161"]
[BlackElo "1888"]
[WhiteFideId "1564684"]
[BlackFideId "1040839"]
[EventDate "2026.03.25"]

1. d4 d5 2. c4 e6 3. Nf3 c6 4. e3 f5 5. Bd3 Nf6 6. O-O Bd6 7. b3 Qe7 8. a4 Nbd7
9. Ba3 Bxa3 10. Nxa3 Ne4 11. Nc2 O-O 12. Nce1 g5 13. g3 Kh8 14. Be2 Rg8 15. Nd3
Nf8 16. Nfe5 Bd7 17. Qc2 Ng6 18. b4 Nd6 19. Rfb1 Nxe5 20. Nxe5 Nf7 21. Nd3 Rg6
22. b5 Rh6 23. Nc5 Be8 24. a5 g4 25. a6 b6 26. Nd3 dxc4 27. Qxc4 cxb5 28. Qb4
Qf6 29. Qf8# 1-0

[Event "Reykjavik Open 2026"]
[Site "Reykjavik ISL"]
[Date "2026.03.26"]
[Round "2.60"]
[White "Pagan, Jonathan"]
[Black "Hermannsson, Sigurbjorn"]
[Result "1-0"]
[WhiteElo "2159"]
[BlackElo "1887"]
[WhiteFideId "30903017"]
[BlackFideId "2325128"]
[EventDate "2026.03.25"]

1. d4 d5 2. c4 e6 3. Nf3 Nf6 4. g3 dxc4 5. Bg2 c5 6. O-O Nc6 7. dxc5 Qxd1 8.
Rxd1 Bxc5 9. Nbd2 c3 10. bxc3 O-O 11. Nb3 Be7 12. Nfd4 Bd7 13. Nb5 a6 14. Nd6
Bxd6 15. Rxd6 Rfd8 16. Nc5 b6 17. Nxd7 1-0

[Event "Reykjavik Open 2026"]
[Site "Reykjavik ISL"]
[Date "2026.03.26"]
[Round "2.61"]
[White "Decosse, Jean-Fabien"]
[Black "Van Meter, Lester"]
[Result "1-0"]
[WhiteTitle "CM"]
[BlackTitle "FM"]
[WhiteElo "2133"]
[BlackElo "1882"]
[WhiteFideId "622583"]
[BlackFideId "2001691"]
[EventDate "2026.03.25"]

1. d4 d5 2. c4 dxc4 3. e4 b5 4. b3 e5 5. Nf3 Nf6 6. Qc2 Bb4+ 7. Bd2 Bxd2+ 8.
Nbxd2 exd4 9. bxc4 bxc4 10. Bxc4 O-O 11. e5 Nd5 12. Qe4 Be6 13. Nxd4 Nc3 14.
Nxe6 Qxd2+ 15. Kxd2 Nxe4+ 16. Ke3 fxe6 17. Bxe6+ Kh8 18. Kxe4 Na6 19. Bc4 Nc5+
20. Ke3 g5 21. Rad1 Rfe8 22. Rd5 Rad8 23. Rxc5 1-0

[Event "Reykjavik Open 2026"]
[Site "Reykjavik ISL"]
[Date "2026.03.26"]
[Round "2.62"]
[White "Todmunkh, Turbat"]
[Black "Jonsson, Gauti Pall"]
[Result "1-0"]
[WhiteElo "1880"]
[BlackElo "2154"]
[WhiteFideId "4925084"]
[BlackFideId "2309092"]
[EventDate "2026.03.25"]

1. e4 c5 2. c3 d5 3. exd5 Qxd5 4. Nf3 Nf6 5. d4 Bf5 6. dxc5 Qxd1+ 7. Kxd1 Nc6 8.
Be3 Ng4 9. Nbd2 a5 10. Bb5 Nxe3+ 11. fxe3 f6 12. Ke2 e5 13. b4 Be7 14. a3 O-O
15. e4 Be6 16. Bc4 Nd8 17. Bd5 Rc8 18. Nc4 Bxc5 19. bxc5 Rxc5 20. Nb6 Rxc3 21.
Rhc1 Rxc1 22. Rxc1 f5 23. Ng5 Bxd5 24. exd5 h6 25. Nf3 Nf7 26. Rc7 Rd8 27. Nh4
Nd6 28. Re7 e4 29. a4 Rf8 30. Ng6 Rd8 31. Nf4 Kf8 32. Rc7 1-0

[Event "Reykjavik Open 2026"]
[Site "Reykjavik ISL"]
[Date "2026.03.26"]
[Round "2.63"]
[White "Harish, Neeraj"]
[Black "Geistlich, Alex"]
[Result "1-0"]
[WhiteTitle "CM"]
[WhiteElo "2121"]
[BlackElo "1879"]
[WhiteFideId "30958130"]
[BlackFideId "1373013"]
[EventDate "2026.03.25"]

1. e4 e5 2. Nf3 Nf6 3. Nxe5 d6 4. Nf3 Nxe4 5. Nc3 Nxc3 6. dxc3 Be7 7. Bf4 Nd7 8.
Qd2 Nf6 9. O-O-O O-O 10. Bc4 Bd7 11. h4 Bg4 12. Rde1 d5 13. Bd3 c6 14. Ne5 Be6
15. f3 Nd7 16. h5 Nxe5 17. Bxe5 Bf6 18. h6 g6 19. Kb1 Bxe5 20. Rxe5 Qf6 21. Rhe1
Rfe8 22. Qe3 Qh4 23. g4 Qd8 24. g5 Bd7 25. a3 f6 26. Re7 fxg5 27. Rg7+ Kh8 28.
Qd4 Rxe1+ 29. Ka2 1-0

[Event "Reykjavik Open 2026"]
[Site "Reykjavik ISL"]
[Date "2026.03.26"]
[Round "2.64"]
[White "Brodtkorb, Lars Johan"]
[Black "Ekam Singh"]
[Result "1-0"]
[WhiteElo "2118"]
[BlackElo "1875"]
[WhiteFideId "1522728"]
[BlackFideId "33334234"]
[EventDate "2026.03.25"]

1. d4 Nf6 2. c4 e6 3. Nf3 d5 4. Nc3 Be7 5. cxd5 exd5 6. Bg5 c6 7. e3 Bf5 8. h3
h6 9. Bf4 Nbd7 10. Be2 O-O 11. O-O Re8 12. Re1 Nf8 13. Nd2 Bd6 14. Bxd6 Qxd6 15.
Nb3 Ne6 16. Bd3 Bxd3 17. Qxd3 Ng5 18. Rac1 Nfe4 19. Nxe4 Nxe4 20. Nc5 b6 21.
Nxe4 Rxe4 22. Re2 Rc8 23. Rec2 Rc7 24. Qb3 Qg6 25. Qa4 Re6 26. b4 Qe4 27. Rc3
Rg6 28. g3 Qf3 29. Qd1 Qf5 30. Kg2 Rf6 31. R1c2 b5 32. Qg4 Qxg4 33. hxg4 a6 34.
Ra3 Ra7 35. Ra5 Kf8 36. Rc3 Ke7 37. Rca3 Kd6 38. Rxa6 Rxa6 39. Rxa6 Kc7 40. a4
bxa4 41. Rxa4 Kb6 42. Ra5 Re6 43. Kf3 Rf6+ 44. Ke2 Rg6 45. Rc5 Rd6 46. Kd3 Rf6
47. Ke2 Rd6 48. f3 Rd7 49. Kd3 Ra7 50. b5 Ra3+ 51. Kd2 Ra2+ 52. Kc3 cxb5 53.
Rxd5 Rf2 54. Rf5 f6 55. e4 Ka5 56. e5 fxe5 57. dxe5 b4+ 58. Kb3 Re2 59. f4 Re3+
60. Kc4 Re4+ 61. Kd3 b3 62. Rf8 Re1 63. Kc4 Re4+ 64. Kxb3 Re3+ 65. Kc4 g5 66.
Kc5 Ka4 67. Rd8 Rxg3 68. Rd4+ Kb3 69. fxg5 hxg5 70. e6 1-0

[Event "Reykjavik Open 2026"]
[Site "Reykjavik ISL"]
[Date "2026.03.26"]
[Round "2.65"]
[White "Pollitt, Henry"]
[Black "Hammari, Vinjar"]
[Result "*"]
[BlackTitle "FM"]
[WhiteElo "1864"]
[BlackElo "2135"]
[WhiteFideId "2644916"]
[BlackFideId "1552007"]
[EventDate "2026.03.25"]

1. e4 e6 2. d4 d5 3. Nd2 h6 4. Ngf3 Nf6 5. Bd3 c5 6. c3 cxd4 7. cxd4 dxe4 8.
Nxe4 Bb4+ 9. Bd2 Bxd2+ 10. Qxd2 O-O 11. O-O Bd7 12. Ne5 Bc6 13. Rfe1 Bxe4 14.
Bxe4 Nxe4 15. Rxe4 Nd7 16. Rae1 Nxe5 17. Rxe5 Qb6 18. R1e4 Rfd8 19. h3 Rd7 20.
Rg4 Kh7 21. Qd3+ g6 22. Qe3 h5 23. Rf4 Re8 24. b3 Kg7 25. Qf3 Ree7 26. d5 Qc7
27. dxe6 Qxe5 28. exd7 Rxd7 29. g3 a6 30. Kg2 Qa1 31. a4 Qc1 32. Rc4 Qb1 33. Rb4
b5 34. axb5 axb5 35. Rxb5 Rd3 36. Qe2 Rd1 37. Qe5+ Kh7 38. Rb8 Rg1+ 39. Kh2 Rh1+
40. Kg2 Qf1+ 41. Kf3 Qd3+ 42. Kg2 Qf1+ 43. Kf3 Qd1+ 44. Kg2 Rg1+ 45. Kh2 Rh1+
46. Kg2 Rg1+ 47. Kh2 Rh1+ 48. Kg2 *

[Event "Reykjavik Open 2026"]
[Site "Reykjavik ISL"]
[Date "2026.03.26"]
[Round "2.66"]
[White "Bombek, Peter"]
[Black "Kleinert, Juergen"]
[Result "1/2-1/2"]
[WhiteTitle "FM"]
[WhiteElo "2112"]
[BlackElo "1863"]
[WhiteFideId "14902230"]
[BlackFideId "4659180"]
[EventDate "2026.03.25"]

1. e4 e5 2. Nf3 Nf6 3. Nc3 Nc6 4. d4 exd4 5. Nxd4 Bc5 6. Be3 Bb6 7. Qd2 O-O 8.
f3 Re8 9. O-O-O Qe7 10. g4 Nxd4 11. Bxd4 Bxd4 12. Qxd4 Qe5 13. Bc4 a6 14. Bd5 d6
15. Rd3 Nd7 16. Ne2 Qxd4 17. Nxd4 Ne5 18. Rc3 c6 19. Bb3 Be6 20. Rd1 Rad8 21. h3
g5 22. h4 h6 23. Ne2 Re7 24. hxg5 hxg5 25. Ng3 Bxb3 26. Rxb3 d5 27. Nf5 Red7 28.
exd5 cxd5 29. Re3 f6 30. c3 b5 31. Rh1 Rh7 32. Rxh7 Kxh7 33. Nd4 Kg6 34. Kc2 Rh8
35. Re2 Rh3 36. Rf2 Kf7 37. b3 Ke7 38. a4 bxa4 39. bxa4 Kd6 40. Re2 1/2-1/2

[Event "Reykjavik Open 2026"]
[Site "Reykjavik ISL"]
[Date "2026.03.26"]
[Round "2.67"]
[White "Meeuwissen, Morris"]
[Black "Lilliehook, Victor"]
[Result "1/2-1/2"]
[WhiteElo "1857"]
[BlackElo "2128"]
[WhiteFideId "40107418"]
[BlackFideId "1752103"]
[EventDate "2026.03.25"]

1. Nf3 d5 2. e3 Nf6 3. c4 e6 4. Nc3 Be7 5. b3 O-O 6. Bb2 b6 7. cxd5 exd5 8. d4
Bb7 9. Be2 Nbd7 10. O-O Re8 11. Rc1 a6 12. Qc2 Bd6 13. Rfd1 Qe7 14. Bf1 Rac8 15.
Re1 Ba3 16. g3 Bxb2 17. Qxb2 c5 18. dxc5 Nxc5 19. b4 Nce4 20. Bg2 Nxc3 21. Rxc3
Rxc3 22. Qxc3 Rc8 23. Qb2 Rc4 24. a3 Qc7 25. Nd4 Ng4 26. Rd1 Qe5 27. Qe2 Nf6 28.
Qd3 g6 29. Ne2 Kg7 30. h3 Bc6 31. Qb3 b5 32. Nd4 Bd7 33. Ne2 Be6 34. Rd4 Ne4 35.
Qb2 Nd6 36. Nf4 Nf5 37. Rd2 Qxb2 38. Rxb2 d4 39. Nxe6+ fxe6 40. exd4 Rxd4 41.
Bb7 Rd6 42. Rc2 Nd4 43. Rc7+ Kf6 44. Rc8 Rb6 45. Bg2 h5 46. h4 e5 47. Be4 g5 48.
Rh8 Kg7 49. Rxh5 gxh4 50. Rxh4 a5 51. Rh5 axb4 52. axb4 Re6 53. Rh7+ Kf8 54. Rb7
Ra6 55. Kg2 Ra4 56. Rb8+ Ke7 57. Rb7+ Kf6 58. Rb6+ Ke7 59. Rb7+ Kf6 60. g4 Rxb4
61. Rb6+ Ke7 62. f3 Rb2+ 63. Kg3 Ne6 64. Bf5 Nd4 65. Rb7+ Kf6 66. Rb6+ Ke7 67.
Be4 Ne6 68. Bd3 Rb3 69. Bxb5 Nd4 70. Rb7+ Kd6 71. Rd7+ Kc5 72. Ba4 Rxf3+ 73. Kh4
Kb4 74. Re7 Rf4 75. Rxe5 Nf3+ 76. Kg3 Nxe5 77. Kxf4 Nxg4 78. Kxg4 1/2-1/2

[Event "Reykjavik Open 2026"]
[Site "Reykjavik ISL"]
[Date "2026.03.26"]
[Round "2.68"]
[White "Jakubek, Peter"]
[Black "Gudnyjarson, Sigurdur Pall"]
[Result "1-0"]
[WhiteElo "2098"]
[BlackElo "1856"]
[WhiteFideId "14901048"]
[BlackFideId "2321637"]
[EventDate "2026.03.25"]

1. d4 d5 2. Bf4 c5 3. e4 dxe4 4. d5 Nf6 5. Nc3 a6 6. Qd2 g6 7. O-O-O Bg7 8. Bh6
O-O 9. h4 Nbd7 10. Bxg7 Kxg7 11. h5 gxh5 12. Be2 Rg8 13. Bxh5 Nxh5 14. Rxh5 Nf6
15. Rh4 Bf5 16. Nge2 Kh8 17. Ng3 Bg6 18. Ncxe4 Nxe4 19. Nxe4 Bxe4 20. Rxe4 Qd6
21. g3 Rg6 22. Rh1 Rag8 23. Rh5 b5 24. Qc3+ R8g7 25. Qe3 e6 26. dxe6 fxe6 27.
Qxc5 Qxc5 28. Rxc5 Rf7 29. Re2 Rgf6 30. f4 Rg6 31. Re3 Kg7 32. Rc6 a5 33. Rcxe6
Rxe6 34. Rxe6 Rf5 35. Kd2 Rd5+ 36. Ke3 Rc5 37. Re5 Rxc2 38. Rxb5 a4 39. a3 Kg6
40. g4 1-0

[Event "Reykjavik Open 2026"]
[Site "Reykjavik ISL"]
[Date "2026.03.26"]
[Round "2.69"]
[White "Krishay Jain"]
[Black "Texe, Eirik"]
[Result "1-0"]
[WhiteElo "2097"]
[BlackElo "1846"]
[WhiteFideId "25129597"]
[BlackFideId "1569481"]
[EventDate "2026.03.25"]

1. e4 e5 2. Nf3 Nc6 3. Bb5 Nf6 4. d3 Bc5 5. Bxc6 dxc6 6. O-O Qe7 7. c3 Bg4 8. h3
Bh5 9. g4 Bg6 10. b4 Bd6 11. Nbd2 Nd7 12. Nc4 h5 13. Ne3 hxg4 14. hxg4 O-O-O 15.
Bd2 f6 16. Qa4 Kb8 17. Rfb1 Qe6 18. Qc2 Bh7 19. Kg2 g6 20. Rh1 f5 21. Ng5 Qe7
22. Nxh7 f4 23. Nc4 Rxh7 24. Rxh7 Qxh7 25. Rh1 Qg7 26. Qd1 Nf6 27. Rh3 Rh8 28.
Qh1 Rxh3 29. Qxh3 Nd7 30. g5 Be7 31. Qxd7 1-0